| Поле | Инд. | ПП | Название | Значение |
|---|---|---|---|---|
| Тип записи | a | |||
| Библиографический уровень | m | |||
| 001 | Контрольный номер | a2149be3-4bb5-4001-b631-63638e7d4c54 | ||
| 005 | Дата корректировки | 20140226120238.2 | ||
| 008 | Кодируемые данные | 991005 d | ||
| 020 | a | ISBN | 5-06-001951-9 | |
| c | Цена, тираж | 47.50 | ||
| 040 | a | Служба первич. каталог. | НБ ТвГУ | |
| 041 | a | Код языка текста | rus | |
| 080 | a | Индекс УДК | 517(075.8) | |
| 084 | a | Индекс другой классификации/Индекс ББК | В161 | |
| 090 | a | Полочн. индекс | В161 | |
| x | Авторский знак | М34 | ||
| c | Каталожный индекс | В161 | ||
| 245 | a | Заглавие | Математический анализ в вопросах и задачах | |
| b | Продолж. заглавия | Учеб. пособие для студентов вузов | ||
| c | Ответственность | [Бутузов В.Ф., Крутицкая Н.Ч., Медведев Г.Н., Шишкин А.А.]; Под ред. В.Ф. Бутузова | ||
| 250 | a | Основные сведения об издании | 2.изд., перераб. | |
| 260 | 0_ | a | Место издания | Москва |
| b | Издательство | Высшая школа | ||
| c | Дата издания | 1993 | ||
| 300 | a | Объем | 479,[1] с. | |
| b | Иллюстрации/ тип воспроизводства | ил. | ||
| 504 | a | Библиография | Предм. указ.: с.473-478. | |
| 650 | a | Основная рубрика | Математический анализ | |
| x | Основная подрубрика | Учебники для вузов | ||
| 653 | a | Ключевые слова | Математический анализ | |
| a | Ключевые слова | Учебники | ||
| 700 | 1_ | a | Другие авторы | БУТУЗОВ В.Ф. |
| e | Роль лиц | авт. | ||
| 700 | 1_ | a | Другие авторы | КРУТИЦКАЯ Н.Ч. |
| e | Роль лиц | авт. | ||
| 700 | 1_ | a | Другие авторы | МЕДВЕДЕВ Г.Н. |
| e | Роль лиц | авт. | ||
| 700 | 1_ | a | Другие авторы | ШИШКИН А.А. |
| e | Роль лиц | авт. | ||
| 852 | t | Порядковый номер экземпляра | 1 | |
| p | Инвентарный номер | 640033 | ||
| 920 | a | Оператор | Шалы | |
| 930 | a | Новая/Ретро | Учебники | |
| 952 | c | Вид литературы | К ру | |
| 954 | a | Дата поступления на обработку | 04.10.93 | |
| a | Дата поступления на обработку | 04.10.93 | ||
| 999 | a | Подразделение 2 | Фил3 |